000 00424nam a2200145 i 4500
001 76417
003 ES-MaACL
005 20230906172833.0
007 t|
008 041001s1902 sp ||||1| spa d
245 0 0 _aGuía de la Coronación
_b: hecha con motivo de la Coronación de S.M. el Rey D. Alfonso XIII.
260 _aMadrid :
_b[s.n.,
_c1902] (
_fA. Marzo)
300 _a239 p. ;
_c18 cm.
852 _aES-MaACL
_jD-2406
999 _c76417
_d76417